Así habló Zarathustra /

Guardado en:
Autor Principal: Nietzsche,Friedrich.
Formato: Libro
Idioma:Undetermined
Publicado: Barcelona : Planeta, c2001.
Series:La Nación
Materias:
Etiquetas: Agregar Etiqueta
Sin Etiquetas, Sea el primero en etiquetar este registro!
LEADER 00577nam a22001815a 4500
001 CEM.cems024422
008 241217s2001####sp############000#0#und#d
005 20241217155513.0
245 1 0 |a Así habló Zarathustra /  |c Friedrich Nietzsche. 
260 |a Barcelona :  |b Planeta,  |c c2001. 
300 |a xxxiv, 352 p. 
490 1 |a La Nación 
500 |a Título original: Also sprach Zarathustra. 
020 |a 8408039563 
100 1 |a Nietzsche,Friedrich. 
653 |a Filosofía alemana 
653 |a Filosofía contemporánea 
859 |a CEMS  |b BIB. CEMS - 11 de abril  |h 193  |i N559-5  |p 26598.13  |t Ej.1